Rainbow 6 siege operators - Statistics

General Stats
  • This quiz has been taken 524 times
    501 since last reset
  • The average score is 25 of 30
Answer Stats
Hint Answer % Correct
Crossbow Capitao
95%
Welcome mat Frost
95%
Gun shield Blackbeard
93%
Medic Doc
92%
Door traps Kapkan
92%
Skeleton Key Buck
91%
Dead silence Caveira
91%
Sniper Glaz
90%
Cluster grenade Fuze
89%
Heart beat Pulse
89%
Hammer time Sledge
89%
Black eye Valkyrie
88%
Footsteps Jackal
87%
Mounted gun Tachanka
87%
EMP Thatcher
87%
Long range breach Ash
83%
Flash Blitz
83%
Tazer Twitch
83%
Defensive drone Echo
82%
6 breach Hibana
81%
Zap Bandit
79%
What's in the canister Smoke
79%
Re-enforced walls Thermite
77%
Metal Castle
76%
Mountain Montagne
76%
Quiet Mute
76%
One way Mira
73%
How smart IQ
72%
Chess Rook
72%
Hunter Jager
64%
No matching quizzes found
Score Distribution
Percent of People with Each Score
Percentile by Number Answered
Your Score History
You have not taken this quiz since the last reset